• 首页
  • 本馆介绍
  • 公告通知
  • 最新文献
  • 馆藏检索
  • 电子资源
  • 读者导购
  • 参考咨询
  • 我的图书馆
  • 登录
  • 详细信息显示
  • 放入我的书架
  • 预约/预借图书
  • 作者相关作品
  • 分类相关作品
  • 丛书相关作品
  • 出版社相关作品

书目信息

  • 表格格式
  • 工作单格式
  • 卡片格式
题名:
岭南灵秀
    
 
作者: 肖东发 主编 ;李丹丹 编著
分册:  
出版信息: 北京   现代出版社  2015
页数: 148页
开本: 24cm
丛书名: 中华精神家园
单 册:
中图分类: G127.65 , G127
科图分类:
主题词: 地方文化--研究--广东省
电子资源:
ISBN: 978-7-5143-2384-9
000 00832oam2 2200277 450
001 2369343724
005 20231117123635.63
010    @a978-7-5143-2384-9@dCNY29.80
100    @a20151101d2015 em y0chiy50 ea
101 0  @achi
102    @aCN@b110000
105    @aa z 000yy
200 1  @a岭南灵秀@Aling nan ling xiu@e岭南文化特色与形态@f肖东发主编@g李丹丹编著
210    @a北京@c现代出版社@d2015
215    @a148页@c图@d24cm
225 2  @a中华精神家园@i东部风情
410  0 @12001 @a中华精神家园
462  0 @12001 @a东部风情
517 1  @a岭南文化特色与形态@Aling nan wen hua te se yu xing tai
606 0  @a地方文化@x研究@y广东省
690    @aG127.65@v5
690    @aG127@v4
701  0 @a肖东发@Axiao dong fa@4主编
702  0 @a李丹丹@Ali dan dan@4编著
801  0 @aCN@b91MARC@c20151101
905    @aZUCC@dG127@e28
    
    岭南灵秀:岭南文化特色与形态/肖东发主编/李丹丹编著.-北京:现代出版社,2015
    148页:图;24cm.-(中华精神家园.东部风情)
    
    
    ISBN 978-7-5143-2384-9:CNY29.80
    
●
相关链接 在五车中查询图书 在当当中查询图书 在豆瓣中查询图书


正题名:岭南灵秀     索取号:G127/28         预约/预借

序号 登录号 条形码 馆藏地/架位号 状态 备注
1 2001016415   2001016415   第四书库/四007架A面1层2列/ [索取号:G127/28] 在馆    
2 2001016416   2001016416   第四书库/四007架A面1层2列/ [索取号:G127/28] 在馆    
3 2001016417   2001016417   第四书库/四007架A面1层2列/ [索取号:G127/28] 在馆    
4 2001016418   2001016418   第四书库/四007架A面1层2列/ [索取号:G127/28] 在馆    
5 2001016419   2001016419   第四书库/四007架A面1层2列/ [索取号:G127/28] 在馆    
6 2001016420   2001016420   第四书库/四007架A面1层2列/ [索取号:G127/28] 在馆    
山东省滨州职业学院图书馆 欢迎您!
大连网信软件有限公司© 版权所有